• 首页
  • 本馆介绍
  • 公告通知
  • 最新文献
  • 馆藏检索
  • 电子资源
  • 读者导购
  • 参考咨询
  • 我的图书馆
  • 登录
  • 详细信息显示
  • 放入我的书架
  • 预约/预借图书
  • 作者相关作品
  • 分类相关作品
  • 丛书相关作品
  • 出版社相关作品

书目信息

  • 表格格式
  • 工作单格式
  • 卡片格式
题名:
档案馆利用服务手册
    
 
作者: 管先海
分册:  
出版信息: 开封   河南大学出版社  2014.06
页数: 135页
开本: 20cm
丛书名:
单 册:
中图分类: G271.2-62
科图分类:
主题词: 档案学 , 档案工作
电子资源:
ISBN: 7-5649-1581-1
000 00632nam0 2200217 450
001 2946
005 20161207085652.29
010    @a7-5649-1581-1@dCNY10.00
100    @a20150811d2014 km y0chiy0120 ea
101 0  @achi
102    @aCN@b410000
200 1  @a档案馆利用服务手册@Adang an guan li yong fu wu shou ce@f管先海@Fguan xian hai
210    @a开封@c河南大学出版社@d2014.06
215    @a135页@d20cm
330    @a档案馆·社会服务·手册
606 0  @a档案学
606 0  @a档案工作
690    @aG271.2-62@v4
701  0 @a管先海@Aguan xian hai
801  0 @aCN@b大连网信软件有限公司图书馆·11@c20161207
905    @aZUCC@dG271.2-62@e77
    
    档案馆利用服务手册/管先海.-开封:河南大学出版社,2014.06
    135页;20cm
    
    
    ISBN 7-5649-1581-1:CNY10.00
    档案馆·社会服务·手册
●
相关链接 在E读中查询图书 在五车中查询图书 在当当中查询图书 在豆瓣中查询图书


正题名:档案馆利用服务手册     索取号:G271.2-62/77         预约/预借

序号 登录号 条形码 馆藏地/架位号 状态 备注
1 912690   209126907   第一样本阅览室/ [索取号:G271.2-62/77] 在馆    
2 912691   209126916   第四借阅区/ [索取号:G271.2-62/77] 在馆    
3 912692   209126925   第四借阅区/ [索取号:G271.2-62/77] 在馆    
4 912693   209126934   第四借阅区/ [索取号:G271.2-62/77] 在馆    
唐山师范学院图书馆 欢迎您!
大连网信软件有限公司© 版权所有